COMPUTER SECURITY / (Record no. 588111)
[ view plain ]
| 000 -LEADER | |
|---|---|
| fixed length control field | 00360nam a22001457a 4500 |
| 020 ## - INTERNATIONAL STANDARD BOOK NUMBER | |
| Qualifying information | PB. |
| 040 ## - CATALOGING SOURCE | |
| Transcribing agency | FIZZA ISHAQ |
| 082 ## - DEWEY DECIMAL CLASSIFICATION NUMBER | |
| Classification number | 005.8 |
| Author Mark | WIL |
| 100 ## - MAIN ENTRY--PERSONAL NAME | |
| Personal name | BROWN,LAWRIE STALLING WILLIAM. |
| 9 (RLIN) | 89344 |
| 245 ## - TITLE STATEMENT | |
| Title | COMPUTER SECURITY / |
| Statement of responsibility, etc. | WILLIAM STALLING LAWRIE BROWN. |
| 250 ## - EDITION STATEMENT | |
| Edition statement | 4th ED. |
| 260 ## - PUBLICATION, DISTRIBUTION, ETC. | |
| Place of publication, distribution, etc. | PEARSON ; |
| Date of publication, distribution, etc. | 2018. |
| 300 ## - PHYSICAL DESCRIPTION | |
| Extent | 800 P. ; |
| 942 ## - ADDED ENTRY ELEMENTS (KOHA) | |
| Source of classification or shelving scheme | |
| Koha item type | Book |
| Withdrawn status | Lost status | Source of classification or shelving scheme | Damaged status | Not for loan | Permanent Location | Current Location | Date acquired | Total Checkouts | Full call number | Barcode | Date last seen | Price effective from | Koha item type |
|---|---|---|---|---|---|---|---|---|---|---|---|---|---|
| NUST Baluchistan Campus (NBC) | NUST Baluchistan Campus (NBC) | 02/22/2022 | 005.8 WIL | Q-2526 | 02/22/2022 | 02/22/2022 | Book |
